000 00408nam a2200145Ia 4500
008 231129s1992||||xx |||||||||||||| ||spa||
020 _a84-7245-250-6
040 _bspa
082 _a306 M858p
100 _aMorin Edgar
245 0 _aEl paradigma perdido: Ensayo de bioantropologí­a
260 _c1992
264 _aBarcelona España : Kairós
942 _2ddc
_cBKS
999 _c11996
_d11996